00547pab a2200181 454500008004000000100002000040245008200060260000900142300001300151362001100164650001300175650002000188773001500208908000600223909001100229999001900240952010600259180718b2014 xxu||||| |||| 00| 0 eng d aGatade, Subhash aWhere are the Emile Zolas of our times? On minority rights and state violence c2014 ap.21-28. a22 Mar aViolence aMinority groups aMainstream aN a105487 c105482d105482 00104070aIIPAbIIPAd2018-07-19hVolume no: 52, Issue no: 13pAR105947r2018-07-19w2018-07-19yAR